Quiz d'orthographe - Statistiques

Statistiques générales
  • Ce quiz a été pris 157 fois
  • Le résultat moyen est 10 sur 15
Statistiques - réponses
Question Réponse % Correct
Selon toute apparence. Apparemment
88%
Troubles digestifs provoqués par une infection, une intoxication. : ************* gastrique Embarras
88%
Action d'agglomérer (diverses matières) à l'aide d'un liant. Agglomération
81%
S'installer dans un nouveau logement. Emménager
81%
Produit pétrolier liquide utilisé notamment pour l'alimentation des réacteurs d'avions. Kérosène
81%
Caractère d'une personne qui manque de probité. Malhonnêteté
81%
Récipient à bec destiné à faire bouillir de l'eau. Bouilloire
77%
Dans, au milieu des éléments d'un ensemble. Parmi
77%
Qui agacer, irrite fortement quelqu'un. Horripilant
69%
État de ce qui est très abondant. Exubérance
62%
Qui a mille ans (ou plus). Millénaire
58%
Entente secrète ; accord tacite. Connivence
38%
Extraordinaire, incroyable. Inouï
38%
Art de bien parler ; technique de la mise en œuvre des moyens d'expression (par la composition, les figures). Rhétorique
38%
Accord ou compromis à l'amiable. Accommodement
35%
Aucun quiz correspondant
Distribution des résultats
% des personnes avec chaque résultat
Percentile par nombre de réponses
Votre historique - résultats
Vous n’avez pas pris ce quiz